Pittsburgh T Stops Quiz Stats

 Plays Quiz not verified by Sporcle

Score 0/67 Timer 15:00
0 Plays Today
Line Station % Correct
RedAllegheny
95.2%
BlueAllegheny
95.2%
RedSouth Hills Village
94.3%
Blue - South Hills VillageSouth Hills Village
94.3%
RedStation Square
93.2%
BlueStation Square
93.2%
Blue - LibraryLibrary
93.2%
RedSteel Plaza
92%
RedWood Street
92%
BlueWood Street
92%
BlueSteel Plaza
92%
RedNorth Side
91.7%
BlueNorth Side
91.7%
RedFirst Avenue
90.9%
BlueFirst Avenue
90.9%
RedMt. Lebanon
88.6%
RedGateway Center
88.6%
BlueGateway Center
88.6%
RedSouth Hills Junction
87.5%
BlueSouth Hills Junction
87.5%
Blue - LibraryWest Library
86.4%
RedCastle Shannon
85.2%
RedDorchester
84.1%
RedDormont Junction
84.1%
Blue - South Hills VillageDorchester
84.1%
BlueMcNeilly
83%
BlueKillarney
83%
RedBethel Village
81.8%
RedWashington Junction
81.8%
RedSt. Anne's
81.8%
RedPalm Garden
81.8%
BlueSt. Anne's
81.8%
BlueWashington Junction
81.8%
Blue - South Hills VillageBethel Village
81.8%
Line Station % Correct
RedOverbrook Junction
80.7%
RedCasswell
79.5%
BlueBoggs
79.5%
BlueBon Air
79.5%
Blue - South Hills VillageCasswell
79.5%
BlueDenise
77.3%
Blue - LibrarySouth Park
77.3%
RedArlington
76.1%
RedHampshire
76.1%
RedDawn
76.1%
RedHighland
75%
BlueSouth Bank
75%
BlueWillow
75%
Blue - South Hills VillageHighland
75%
Blue - LibraryLytle
75%
RedPoplar
72.7%
RedStevenson
72.7%
RedFallowfield
71.6%
BlueMemorial Hall
70.5%
Blue - LibraryKing's School
70.5%
RedShiras
69.3%
Blue - LibraryMesta
69.3%
RedSmith Road
68.1%
BlueSmith Road
68.1%
RedBelasco
67%
RedWestfield
67%
Blue - LibraryBeagle
67%
RedPotomac
64.8%
Blue - LibraryLogan
64.8%
Blue - LibraryHillcrest
62.5%
Blue - LibraryMunroe
60.2%
Blue - LibrarySarah
58%
RedPennant
55.7%

You're not logged in!

Compare scores with friends on all Sporcle quizzes.
OR
Log In

Show Comments

Extras

Top Quizzes Today


Score Distribution

Your Account Isn't Verified!

In order to create a playlist on Sporcle, you need to verify the email address you used during registration. Go to your Sporcle Settings to finish the process.

Report this User

Report this user for behavior that violates our Community Guidelines.

Details: